| 000 | 00510nam a2200193Ia 4500 | ||
|---|---|---|---|
| 003 | IN-BaIIA | ||
| 008 | 211028s9999 xx 000 0 eng d | ||
| 040 | _cIIA Library | ||
| 080 |
_a12:56.0 _bSTE |
||
| 100 |
_aStever, Guyford _915084 |
||
| 245 | 0 |
_aFlight _cGuyford Stever and James J Haggerty |
|
| 250 | _a2nd ed. | ||
| 260 |
_aHong Kong, Time Life Books _bTime-Life Books _c1985 |
||
| 300 | _a200p. | ||
| 650 | _aFlight | ||
| 650 | _aNASA Thesaurus | ||
| 700 |
_aHaggerty, James J. _914083 |
||
| 942 | _cBK | ||
| 999 |
_c8976 _d8976 |
||